Michael Jackson Songs by Picture - Statistics

General Stats
  • This quiz has been taken 637 times
  • The average score is 7 of 15
Answer Stats
Picture Answer % Correct
Man in the Mirror
83%
Dirty Diana
80%
Smooth Criminal
80%
Earth Song
79%
Off The Wall
76%
Bad
69%
Thriller
58%
Black or White
50%
Ben
47%
Rockin' Robin
35%
Beat It
31%
P.Y.T. (Pretty Young Thing)
18%
Rock With You
11%
Wanna Be Starting Something
5%
Aint No Sunshine
1%
No matching quizzes found
Score Distribution
Percent of People with Each Score
Percentile by Number Answered
Your Score History
You have not taken this quiz